000 00545nam a2200217Ia 4500
003 OSt
005 20230415112105.0
008 210423s2009 xx 000 0 und d
020 _a9780070635838
040 _cAL
041 _aeng
082 _a658 ANTR
100 _aANTHONY (Robert N);GOVINDARAJAN (Vijay).
_988765
245 _aManagement control systems.
250 _a12
260 _aNew Delhi
_bTata McGraw-hill
_c2009
300 _axi,769
_bPB
365 _cINR
906 _acontrol ; Management ; systems.
942 _2ddc
_cBK
999 _c159840
_d159840